Normal view
MARC view
Entry Personal Name
001 - CONTROL NUMBER
- control field: 16938
003 - CONTROL NUMBER IDENTIFIER
- control field: ARRUPE
005 - DATE AND TIME OF LATEST TRANSACTION
- control field: 20150407170303.0
008 - FIXED-LENGTH DATA ELEMENTS
- fixed length control field: 150407|| aca||aabn | a|a d
040 ## - CATALOGING SOURCE
- Original cataloging agency: ARRUPE
- Transcribing agency: ARRUPE
100 ## - HEADING--PERSONAL NAME
- Personal name: Fiegenbaum,E.A. (ed.)
670 ## - SOURCE DATA FOUND
- Source citation: Work cat.: (ARRUPE): Fiegenbaum,E.A. (ed.), Computers and thought , 1963